00453nam a22001337a 4500008004100000082002300041100003100064245005000095260003700145300001000182942001200192999001300204952010200217230605b xxu||||| |||| 00| 0 eng d a328.775870519bMIS cDavid E. Clarenbachd1989 a Rulings of the Chair bWisconsin Legislature aWisconsin bDavid E. Clarenbach a524 p 2ddccBK c295d295 00102ddc4070a001b001d2023-06-05l0o328.775870519 MISp10015307r2023-06-05w2023-06-05yBK